000
00317nam a22001457a 4500
008
210312b ||||| |||| 00| 0 eng d
020
_a
9780132222204
041
_a
eng
080
_2
7th
_a
004
082
_a
004
100
_a
28
101
_a
SHKI
245
_a
Java How to Program
_c
Deitel, P. J
942
_2
udc
_c
BK
999
_c
56564
_d
56564